| 000 | 00520cam a2200181 a 4500 | ||
|---|---|---|---|
| 020 | _a084936941X (v. 1) | ||
| 020 | _a0849369428 (v. 2) | ||
| 020 | _a0849369401 (set) | ||
| 040 | _cDLC | ||
| 082 | 0 | 0 | _a616 CRC 1988 A047 Or. |
| 245 | 0 | 0 | _aBiological applications of anti-idiotypes / |
| 260 |
_aBoca Raton, Fla. : _bCRC Press, _cc1988. |
||
| 300 |
_a2 v. : _bill. (some col.) ; _c26 cm. |
||
| 650 | 0 | _aImmunoglobulin idiotypes. | |
| 650 | 0 | _aAnti-idiotypic antibodies. | |
| 700 | 1 | _aBona, Constantin A. | |
| 942 | _cEK | ||
| 999 |
_c13461 _d13461 |
||